00932nam a22002417i 4500003000900000005001700009007000300026008004100029040003000070082001300100245020300113250001900316264006200335300002400397336002700421337003300448338002800481590002800509910000700537942001300544952011600557999001700673DO-SdBNP20230519123057.0ta230426b1975 dr ||||| |||| 00| 0 spa d bspacBNPHUerdaaDO-SdBNP 222bP969 aProyecto de constitución de la República Dominicana :belaborado sobre la constitución proclamada el 29 de abril de 1963, según modificaciones introducidas por la comisión creada por el... a2da. edición aSanto Domingo :bPartido Revolucionario Dominicano,c1975 a41 paginas ;c21 cm 2rdacontentatextobtxt 2rdamediaasin mediaciónbn 2rdacarrieravolumenbnc aInventariado, 2023 / DG aDG 2ddccLF2 00102ddc51708PD-FaBNPHUbBNPHUcCTd2023-04-27l0oBNPHU F-PD P969p2023-1512r2023-04-27w2023-04-27yLF2 c53364d53364